000 00606nam a2200229Ia 4500
003 OSt
005 20220928102117.0
006 a|||||r|||| 00| 0
007 ta
008 220927b |||||||| |||| 00| 0 eng d
024 _a39734
037 _cTextual
040 _aSDCL
_cSDCL
_beng
041 _2eng
_aeng
082 _aV2,21y7M89, M0
100 _aRavindran T K
_9370155
245 0 _aNehru's idea of History
260 _aNew Delhi
_bLight and Life Publishers
_c1980
300 _a143p
_ccm.
942 _hV2,21y7M89, M0
_cTEXL
_2CC
999 _c712406
_d712406